00343nam a2200133 a 450008200130000010000220001324500480003526000360008330000090011950000350012850500100016365000140017370000220018700a133bFRA aFarzer, Sir James aGolden Bough: A study in magic and religion aLondonbMacmillan and Co.c1963 a756p aincludes index and biblioraphy2 aIndex aOccultism1 aFarzer, Sir James